[Event "Ruzomberok Montana op"]
[Site "Ruzomberok"]
[Date "2017.06.04"]
[Round "9"]
[White "Dagonia, Steve"]
[Black "Ambrozi, Peter"]
[Result "1/2-1/2"]
[WhiteElo "1813"]
[BlackElo "1988"]
[PlyCount "41"]
[EventDate "2017.05.28"]
[EventType "swiss"]
[EventRounds "9"]
[EventCountry "SVK"]
[SourceTitle "EXT 2018"]
[Source "ChessBase"]
[SourceDate "2017.10.13"]
[SourceVersion "1"]
[SourceVersionDate "2017.10.13"]
[SourceQuality "1"]

1. c4 Nf6 2. Nc3 c6 3. e4 e5 4. Nf3 d6 5. d4 Qc7 6. Be2 Be7 7. 0-0 0-0 8. d5 Bg4 9. Be3 Nbd7 10. Qd2 c5 11. Ne1 Bxe2 12. Qxe2 h6 13. Nd3 Nh7 14. f4 Bf6 15. Nb5 Qb8 16. f5 a6 17. Nc3 b5 18. b3 b4 19. Na4 Qc7 20. Rae1 Nb6 21. Nxb6 1/2-1/2

[Event "Ruzomberok Montana op"]
[Site "Ruzomberok"]
[Date "2017.06.01"]
[Round "5"]
[White "Bozinovic, Bogdan"]
[Black "Dagonia, Steve"]
[Result "1-0"]
[WhiteElo "2241"]
[BlackElo "1813"]
[PlyCount "51"]
[EventDate "2017.05.28"]
[EventType "swiss"]
[EventRounds "9"]
[EventCountry "SVK"]
[SourceTitle "EXT 2018"]
[Source "ChessBase"]
[SourceDate "2017.10.13"]
[SourceVersion "1"]
[SourceVersionDate "2017.10.13"]
[SourceQuality "1"]

1. d4 e5 2. dxe5 Nc6 3. Nf3 Qe7 4. Bf4 Qb4+ 5. Bd2 Qxb2 6. Nc3 Nb4 7. Nd4 c5 8. Rb1 Qa3 9. Ndb5 Qa5 10. a3 Na6 11. Nd5 Qd8 12. Bc3 Be7 13. e4 Nh6 14. Nd6+ Bxd6 15. exd6 0-0 16. Bxa6 Qh4 17. Bd3 c4 18. g3 Qh3 19. Bf1 Qe6 20. Qd4 f6 21. Bxc4 Kh8 22. Nf4 Qe5 23. Qxe5 fxe5 24. Nd3 b5 25. Bd5 Rb8 26. Nxe5 1-0

[Event "FRA-ch op-C"]
[Site "Nancy"]
[Date "2013.08.16"]
[Round "5"]
[White "Kajganic, Fabien"]
[Black "Dagonia, Steve"]
[Result "0-1"]
[WhiteElo "1727"]
[BlackElo "1792"]
[PlyCount "100"]
[EventDate "2013.08.11"]
[EventType "swiss"]
[EventRounds "11"]
[EventCountry "FRA"]
[SourceTitle "CBM 156 Extra"]
[Source "ChessBase"]
[SourceDate "2013.10.22"]
[SourceVersion "1"]
[SourceVersionDate "2013.10.22"]
[SourceQuality "1"]

1. d4 f5 2. Nc3 Nf6 3. Bg5 e6 4. e4 fxe4 5. Nxe4 Be7 6. Bxf6 Bxf6 7. Qh5+ g6 8. Qh6 Qe7 9. Nxf6+ Qxf6 10. Nf3 Nc6 11. c3 Ne7 12. Bd3 Nf5 13. Bxf5 Qxf5 14. 0-0 b6 15. Rfe1 Bb7 16. Re5 Qf8 17. Qe3 Bxf3 18. gxf3 0-0-0 19. a4 a5 20. Qe4 c6 21. c4 Qb4 22. c5 Kc7 23. cxb6+ Qxb6 24. Qf4 Rhf8 25. Rf5+ e5 26. Qxe5+ Kb7 27. Rxf8 Rxf8 28. Qe7 Rxf3 29. Qxd7+ Qc7 30. Qxc7+ Kxc7 31. Re1 Rf4 32. Re7+ Kd6 33. Ra7 Rxd4 34. Rxa5 Rb4 35. Ra7 h6 36. a5 Rxb2 37. Rg7 c5 38. Rxg6+ Kd5 39. Rxh6 c4 40. Kf1 c3 41. Rh8 c2 42. Rd8+ Ke6 43. Rc8 Rb1+ 44. Kg2 c1Q 45. Rxc1 Rxc1 46. Kg3 Ra1 47. h4 Rxa5 48. Kg4 Kf6 49. h5 Rg5+ 50. Kh4 Kf5 0-1

[Event "Paris-ch op-B 87th"]
[Site "Paris"]
[Date "2012.07.12"]
[Round "6"]
[White "Carre, Sylvain"]
[Black "Dagonia, Steve"]
[Result "1-0"]
[WhiteElo "2150"]
[BlackElo "1906"]
[PlyCount "75"]
[EventDate "2012.07.07"]
[EventType "swiss"]
[EventRounds "9"]
[EventCountry "FRA"]
[SourceTitle "EXT 2013"]
[Source "ChessBase"]
[SourceDate "2012.11.22"]
[SourceVersion "1"]
[SourceVersionDate "2012.11.22"]
[SourceQuality "1"]

1. d4 d5 2. Bf4 c5 3. e3 Nc6 4. c3 Nf6 5. Nf3 Qb6 6. Qb3 c4 7. Qc2 Ne4 8. Nbd2 Bf5 9. Qc1 h6 10. Nxe4 Bxe4 11. Nd2 Bh7 12. e4 e6 13. Be2 Qd8 14. 0-0 Bd6 15. Bxd6 Qxd6 16. exd5 exd5 17. Re1 0-0 18. Nf1 Rfe8 19. Bf3 b5 20. Ne3 Be4 21. Qd1 b4 22. Nxc4 Qc7 23. Ne3 bxc3 24. bxc3 Qa5 25. Bxe4 Rxe4 26. Qb3 Rae8 27. Red1 Rxe3 28. fxe3 Rxe3 29. Rac1 Re2 30. a4 a6 31. Re1 Re6 32. Rxe6 fxe6 33. Qb7 Qxa4 34. Qc8+ Kh7 35. Qxe6 Qa3 36. Re1 Nd8 37. Qf5+ g6 38. Qd7+ 1-0

[Event "Paris-ch op-B 87th"]
[Site "Paris"]
[Date "2012.07.11"]
[Round "5"]
[White "Dagonia, Steve"]
[Black "Ralle, Pierre"]
[Result "1-0"]
[WhiteElo "1906"]
[BlackElo "2100"]
[PlyCount "117"]
[EventDate "2012.07.07"]
[EventType "swiss"]
[EventRounds "9"]
[EventCountry "FRA"]
[SourceTitle "EXT 2013"]
[Source "ChessBase"]
[SourceDate "2012.11.22"]
[SourceVersion "1"]
[SourceVersionDate "2012.11.22"]
[SourceQuality "1"]

1. Nf3 Nf6 2. c4 e6 3. Nc3 d5 4. d4 Bb4 5. Bg5 0-0 6. e3 h6 7. Bh4 Nbd7 8. cxd5 exd5 9. Bd3 c5 10. 0-0 Bxc3 11. bxc3 c4 12. Bf5 Nb6 13. Qc2 Bxf5 14. Qxf5 Qd7 15. Qxd7 Nbxd7 16. Nd2 g5 17. Bg3 Rfe8 18. a4 Re6 19. Rfb1 b6 20. a5 bxa5 21. Rxa5 Rb6 22. Rxb6 Nxb6 23. f3 Kf8 24. Bc7 Nfd7 25. e4 dxe4 26. fxe4 f6 27. g4 a6 28. e5 fxe5 29. dxe5 Kf7 30. Nf3 Ra7 31. Bd6 Nf8 32. Nd4 Nc8 33. Bxf8 Kxf8 34. Nf5 Ne7 35. Nxh6 Ng6 36. Nf5 Nf4 37. Nd4 Nd3 38. e6 Nf4 39. Kf1 Rb7 40. Rxa6 Rb1+ 41. Kf2 Nd3+ 42. Ke2 Nf4+ 43. Kf3 Rc1 44. Nf5 Rxc3+ 45. Ke4 Nxe6 46. Rxe6 Rc2 47. Kd4 Rxh2 48. Kxc4 Kf7 49. Re4 Ra2 50. Ne3 Ra4+ 51. Kd3 Ra3+ 52. Kd4 Ra4+ 53. Nc4 Kf6 54. Kd5 Ra6 55. Re5 Ra1 56. Rf5+ Kg6 57. Ne5+ Kh6 58. Rf6+ Kh7 59. Ke6 1-0

[Event "Montigny le Bretonneux-A+ 9th"]
[Site "Montigny le Bretonneux"]
[Date "2010.10.23"]
[Round "1"]
[White "Dagonia, Steve"]
[Black "Kambrath, Yannick"]
[Result "0-1"]
[WhiteElo "1901"]
[BlackElo "2036"]
[PlyCount "38"]
[EventDate "2010.10.23"]
[EventType "tourn"]
[EventRounds "9"]
[EventCountry "FRA"]
[SourceTitle "EXT 2011"]
[Source "ChessBase"]
[SourceDate "2010.11.26"]
[SourceVersion "1"]
[SourceVersionDate "2010.11.26"]
[SourceQuality "1"]

1. c4 Nf6 2. Nc3 d5 3. cxd5 Nxd5 4. e4 Nxc3 5. bxc3 g6 6. d4 c5 7. Nf3 Bg7 8. Be3 Qa5 9. Qd2 Nc6 10. Rb1 a6 11. Bc4 0-0 12. Ke2 Bg4 13. Rxb7 Rac8 14. Bd5 Nd8 15. Rb2 e6 16. Bb7 Nxb7 17. Rxb7 Qa4 18. Rb2 Rfd8 19. Qc2 Qxc2+ 0-1

[Event "Syre Memorial op 33th"]
[Site "Issy les Moulineaux"]
[Date "2010.05.16"]
[Round "5"]
[White "Ralle, Pierre"]
[Black "Dagonia, Steve"]
[Result "1/2-1/2"]
[WhiteElo "2118"]
[BlackElo "1898"]
[PlyCount "63"]
[EventDate "2010.05.13"]
[EventType "swiss"]
[EventRounds "6"]
[EventCountry "FRA"]
[SourceTitle "EXT 2011"]
[Source "ChessBase"]
[SourceDate "2010.11.26"]
[SourceVersion "1"]
[SourceVersionDate "2010.11.26"]
[SourceQuality "1"]

1. e4 e5 2. Nc3 Nc6 3. Bc4 Nf6 4. d3 Bb4 5. Bd2 0-0 6. Nf3 d6 7. h3 Na5 8. Bb3 Nxb3 9. axb3 Re8 10. 0-0 c6 11. Bg5 h6 12. Bh4 d5 13. Bxf6 gxf6 14. Qc1 Kh7 15. Ne2 f5 16. exd5 cxd5 17. c3 Bd6 18. Re1 e4 19. dxe4 fxe4 20. Nh2 Qh4 21. Qe3 Rg8 22. Kh1 b6 23. Rad1 Be6 24. b4 Rg6 25. f4 exf3 26. Nxf3 Qh5 27. Nf4 Bxf4 28. Qxf4 Bxh3 29. Qxf7+ Kh8 30. Re8+ Rxe8 31. Qxe8+ Kh7 32. Qf7+ 1/2-1/2

[Event "Massy 21th op"]
[Site "Massy "]
[Date "2009.07.03"]
[Round "?"]
[White "Dagonia, Steve"]
[Black "Pommier, Eugene"]
[Result "1-0"]
[WhiteElo "1803"]
[BlackElo "1558"]
[PlyCount "123"]
[EventDate "2009.06.27"]
[EventType "swiss"]
[EventRounds "7"]
[EventCountry "FRA"]
[SourceTitle "EXT 2010"]
[Source "ChessBase"]
[SourceDate "2010.11.25"]
[SourceVersion "1"]
[SourceVersionDate "2010.11.25"]
[SourceQuality "1"]

1. e4 e5 2. Nf3 Nc6 3. Bb5 a6 4. Ba4 Nf6 5. 0-0 b5 6. Bb3 Be7 7. Re1 0-0 8. c3 d5 9. exd5 Nxd5 10. Nxe5 Nxe5 11. Rxe5 c6 12. Bxd5 cxd5 13. d4 Bd6 14. Re1 Qh4 15. g3 Qh3 16. Qf3 Bb7 17. Bf4 Rfe8 18. Nd2 Bf8 19. a3 Rad8 20. Nf1 f6 21. Bd2 Re4 22. Ne3 Qe6 23. Qe2 Qf7 24. f3 Re7 25. Qf2 g6 26. Ng4 h5 27. Rxe7 Qxe7 28. Re1 Qf7 29. Ne3 Re8 30. Ng2 Rxe1+ 31. Qxe1 Qe7 32. Qxe7 Bxe7 33. Bf4 Kf7 34. Bc7 f5 35. h4 Bf8 36. Kf2 Bh6 37. Bf4 Bg7 38. Ne3 Ke6 39. Bg5 Bf8 40. g4 Bc6 41. gxh5 gxh5 42. Ng2 Bd6 43. Bf4 Be7 44. Bg3 Be8 45. Nf4+ Kd6 46. Nxh5+ Kc6 47. Nf4 a5 48. b4 a4 49. Ng2 Bf8 50. Bf4 Kd7 51. Ne3 Ke6 52. Ng2 Bf7 53. Ke3 Bg7 54. Bg5 Kd6 55. Nf4 Kd7 56. h5 Ke8 57. h6 Bh8 58. Nd3 Kd7 59. Kf4 Kd6 60. Kxf5 Be6+ 61. Kf4 Bg8 62. Nc5 1-0

[Event "Evry op"]
[Site "Evry"]
[Date "2007.11.01"]
[Round "2"]
[White "Bruno, Alessandro"]
[Black "Dagonia, Steve"]
[Result "1-0"]
[WhiteElo "1499"]
[BlackElo "1762"]
[PlyCount "103"]
[EventDate "2007.10.31"]
[EventType "swiss"]
[EventRounds "9"]
[EventCountry "FRA"]
[SourceTitle "EXT 2009"]
[Source "ChessBase"]
[SourceDate "2008.11.26"]
[SourceVersion "1"]
[SourceVersionDate "2008.11.26"]
[SourceQuality "1"]

1. c4 Nf6 2. Nc3 d5 3. cxd5 Nxd5 4. e4 Nxc3 5. bxc3 e5 6. Nf3 Bg4 7. Qa4+ Qd7 8. Bb5 c6 9. Be2 Bxf3 10. Bxf3 Bc5 11. Bb2 0-0 12. Rd1 Qd8 13. d4 Qb6 14. Qb3 Qxb3 15. axb3 exd4 16. cxd4 Bb4+ 17. Ke2 Re8 18. Rd3 Nd7 19. Rhd1 Rad8 20. Kf1 Nf6 21. e5 Nd5 22. Bxd5 Rxd5 23. f4 Red8 24. g4 g6 25. h4 Be7 26. g5 h5 27. Ke2 Bb4 28. f5 Kh7 29. fxg6+ fxg6 30. Rf3 Rf8 31. Rxf8 Bxf8 32. Rf1 Kg7 33. Bc3 Rb5 34. Kd2 Rxb3 35. e6 Rb5 36. d5+ Kg8 37. dxc6 bxc6 38. Rf6 Rb7 39. Rxg6+ Kh7 40. Rf6 Bg7 41. g6+ Kg8 42. Rf7 Bxc3+ 43. Kxc3 Rxf7 44. gxf7+ Kg7 45. Kb4 a6 46. Kc5 a5 47. Kxc6 a4 48. Kd7 a3 49. e7 a2 50. e8Q a1Q 51. Qg8+ Kh6 52. f8Q+ 1-0